000 00519nam a2200193 i 4500
001 bgj
100 1 _aROWDON, Ben
245 1 0 _aWavelength :
_belementary : workbook /
_cBen Rowdon.
260 _aHarlow, Essex :
_bLongman,
_c1999.
300 _a67 pp. :
_bill., photos ;
_c29 cm.
650 9 _aEnglish language
_xElementary
655 _aTextbooks for foreigners
020 _a0582305497
040 _cBPK
041 0 _aeng
920 _a0-582-30549-7
942 _cKS
008 s uk f |000 0 eng
999 _c48448
_d48448
856 _uhttp://koha.tu.koszalin.pl/cgi-bin/koha/opac-detail.pl?biblionumber=48448
_yKatalog online BPK